Výroční zpráva akciové společnosti.

Výročná správa prezentuje v akciovej spoločnosti jej majiteľom výsledky za uplynulý rok, navrhuje rozdelenie hospodárskeho výsledku a zameranie činnosti v budúcom období. Prostredníctvom správy sa posudzuje úroveň riadiacej práce. Text výročnej správy okrem tabuliek s ekonomickými údajmi má obsahova...

Description complète

Enregistré dans:
Détails bibliographiques
Auteur principal: Smrčka, J.
Format: Chapitre de livre
Langue:tchèque
Sujets:
Tags: Ajouter un tag
Pas de tags, Soyez le premier à ajouter un tag!

MARC

LEADER 00000naa a2200000 4500
001 r012715
005 20220826093753.5
041 0 |a cze 
044 |a CZ 
245 1 0 |a Výroční zpráva akciové společnosti.  |c J. Smrčka 
520 |a Výročná správa prezentuje v akciovej spoločnosti jej majiteľom výsledky za uplynulý rok, navrhuje rozdelenie hospodárskeho výsledku a zameranie činnosti v budúcom období. Prostredníctvom správy sa posudzuje úroveň riadiacej práce. Text výročnej správy okrem tabuliek s ekonomickými údajmi má obsahovať aj grafy, obrázky, fotografie ap. 
610 2 0 |a správy výročné 
610 2 0 |a spoločnosti akciové 
610 2 0 |a výsledok hospodársky 
610 2 0 |a manažment 
610 2 0 |a ukazovatele ekonomické 
610 2 0 |a ukazovatele finančné 
100 1 |a Smrčka, J.